00253nam a2200109Ia 4500008004100000082001000041100001900051245001500070260002800085630001500113730001500128100328s9999 xx 000 0 und d b34649 aKoontz Dean R. aThe Vision bThe Poperback Division aThe Vision aThe Vision